Community plan as a method for management of developing processes of social services in a municipality

Na minha lista:
Detalhes bibliográficos
Autor principal: Gubová, Klaudia, 1986-
Outros Autores: Richnák, Patrik, 1988-, Bolek, Vladimír, 1988-
Formato: Capítulo de Livro
Idioma:inglês
Assuntos:
Tags: Adicionar Tag
Sem tags, seja o primeiro a adicionar uma tag!

MARC

LEADER 00000naa$a2200000$$$4500
001 0226824
005 20240502083608.0
041 0 |a eng 
044 |a CZ 
245 1 0 |a Community plan as a method for management of developing processes of social services in a municipality  |c Klaudia Gubová, Patrik Richnák, Vladimír Bolek 
610 2 0 |a plán rozvoja sociálneho 
610 2 0 |a politika sociálna 
610 2 0 |a služby sociálne 
610 2 0 |a procesy sociálno-ekonomické 
610 2 0 |a efektívnosť sociálno-ekonomická 
100 1 |a Gubová, Klaudia, 1986- 
700 1 |a Richnák, Patrik, 1988- 
700 1 |a Bolek, Vladimír, 1988-